| 000 | 00345nam a2200145Ia 4500 | ||
|---|---|---|---|
| 008 | 191201s2010 xx 000 0 und d | ||
| 082 |
_a620.105 _bBHS |
||
| 100 | _aBHAVIKATTI, SS | ||
| 245 | 0 | _aSolid Mechanics | |
| 250 | _a1ST | ||
| 260 |
_aN. Delhi _bVikas Publication House _c2010 |
||
| 300 | _a412 | ||
| 650 | _aB.Tech(CE) | ||
| 942 |
_2ddc _cBK |
||
| 999 |
_c5449 _d5449 |
||